00727nam a2200229u 450000500170000000800410001701000130005802000250007102000220009603500130011803500170013103700160014804000180016408200060018210000190018824500700020726000380027727000770031530000270039249000610041970000170048000000000000000.0810522s1962 nyua j 000 0 eng  aB-357823 a9780746057834c65.00 a0746057830c65.00 aB-357823 aB-345577-578 bTarun Books adplbEnglish  aS aBingham, Jane  aThe story of trains /cby Jane Bingham; illustrated by Colin King aLondonbUsborne Publishing c2004 aUsborne House, 83-85 Saffron Hill, bLondon eEC 1N 8RTmwww.usborne.com a64p.:bill.c20cm(pbk) aUsborne young reading; edited by Lesley Simsvseries two aKing, Colin